| 000 -LEADER |
| fixed length control field |
01125pab a2200181 454500 |
| 008 - FIXED-LENGTH DATA ELEMENTS--GENERAL INFORMATION |
| fixed length control field |
180718b2008 xxu||||| |||| 00| 0 eng d |
| 100 ## - MAIN ENTRY--PERSONAL NAME |
| Personal name |
Konrad, Kai A. |
| 245 ## - TITLE STATEMENT |
| Title |
Time consistency and bureaucratic budget competition |
| 260 ## - PUBLICATION, DISTRIBUTION, ETC. |
| Date of publication, distribution, etc. |
2008 |
| 300 ## - PHYSICAL DESCRIPTION |
| Extent |
p.1-15. |
| 362 ## - DATES OF PUBLICATION AND/OR SEQUENTIAL DESIGNATION |
| Dates of publication and/or sequential designation |
Jan |
| 520 ## - SUMMARY, ETC. |
| Summary, etc. |
High employment protection in the public sector results in strategic over-employment if government divisions compete for budgets in a dynamic setting. Bureaucrats who are interested in maximising their divisions output employ excess labour, since this induces the sponsor to provide complementary inputs in the future. Restrictions on hiring decisions in the public sector can be regarded as provisions to reduce strategic hiring. We also provide evidence from a survey of decision makers in a public sector bureaucracy with very high employment protection. The results confirm that decision makers are aware of the strategic effects of their hiring decisions on budget allocation. - Reproduced. |
| 650 ## - SUBJECT ADDED ENTRY--TOPICAL TERM |
| Topical term or geographic name entry element |
Civil service |
| 700 ## - ADDED ENTRY--PERSONAL NAME |
| Personal name |
Kessing, Sebastian G. |
| 773 ## - HOST ITEM ENTRY |
| Main entry heading |
Economic Journal |
| 908 ## - PUT COMMAND PARAMETER (RLIN) |
| Put command parameter |
N |
| 909 ## - |
| -- |
77868 |